000 00341 a2200121 4500
001 ART_41392
005 20260410161754.0
008 260409a
245 1 0 _aBuen contribuyente
100 1 _aCoronello, Silvina E.
700 1 _aIglesias Araujo, Fabiana
773 0 _tDoctrina tributaria
_g- NÂș 445 (abr. 2017)
_wREV4296
999 _c19959
_d19959